000 00477nam a2200181Ia 4500
999 _c8335
_d8335
003 OSt
005 20201012101817.0
008 190216s9999||||xx |||||||||||||| ||und||
040 _coclc
082 _a621.381
_bJAC/E
100 _aJacobwitz, Henry
_95561
245 0 _aElectronics Made Simple /
_cHenry Jacobwitz
250 _a1st Ed.
260 _c1977.
300 _a192p
650 _aComputer
942 _cBK
_2ddc
_h621.381
_iJAC/E
_k621.381
_mJAC/E